| 000 | 00704nam a2200241Ia 4500 | ||
|---|---|---|---|
| 008 | 171120s9999 xx 000 0 und d | ||
| 020 | _a9.7814454257e+012 | ||
| 050 | _a32 | ||
| 050 | _bS756 2012 | ||
| 100 | _aSpilsbury, Louise | ||
| 245 | _aEncyclopedia of knowledge : | ||
| 245 | _bthe what, when, where, how and why of everything you need to know / | ||
| 245 | _cby Louise Spilsbury. | ||
| 260 | _aPhilippines : | ||
| 260 | _bWS Pacific Publications, Inc., | ||
| 260 | _c2012 | ||
| 300 | _a224 pages : | ||
| 300 | _bcolor illustrations ; | ||
| 300 | _c27cm. | ||
| 650 | _aChildren's encyclopedias and dictionaries. | ||
| 650 | _aEncyclopedias and dictionaries. | ||
| 700 | _aTitle. | ||
| 999 |
_c345054 _d345054 |
||